000 00587nam a2200241Ia 4500
008 180803s9999 xx 000 0 und d
020 _a9780590457811
050 _bM368 1989
100 _aMarshall, James
245 4 _aThe three little pigs /
245 0 _cretold and illustrated by James Marshall.
260 _aBroadway, New York :
260 _bScholastic,
260 _c1989
300 _aunpaged :
300 _bcolored ;
300 _c26cm.
500 _a560
650 _aPiglets --
650 _xJuvenile Literature.
650 _xPilets.
700 _aTitle.
999 _c358269
_d358269